[Event "Arber Seniors op 6th"]
[Site "Bayerisch Eisenstein"]
[Date "2018.07.31"]
[Round "4"]
[White "Wittkugel, Friedhelm"]
[Black "Glaessl, Matthias"]
[Result "0-1"]
[WhiteElo "1944"]
[BlackElo "2071"]
[PlyCount "80"]
[EventDate "2018.07.28"]
[EventType "swiss"]
[EventRounds "9"]
[EventCountry "GER"]
[SourceTitle "CBM 185 Extra"]
[Source "ChessBase"]
[SourceDate "2018.07.29"]
[SourceVersion "1"]
[SourceVersionDate "2018.07.29"]
[SourceQuality "1"]

1. Nf3 d6 2. c4 e5 3. Nc3 f5 4. d3 Nf6 5. Bg5 Be7 6. Bxf6 Bxf6 7. e4 Nc6 8. Qd2 0-0 9. Nd5 Nd4 10. Be2 Nxf3+ 11. Bxf3 Bg5 12. Qe2 c6 13. Nc3 Kh8 14. g3 f4 15. h4 Be7 16. 0-0-0 c5 17. Rh2 a6 18. Nd5 Be6 19. Nxe7 Qxe7 20. Bg4 Rf6 21. Rg1 Bxg4 22. Qxg4 fxg3 23. fxg3 Raf8 24. Rd1 Qf7 25. Rdd2 b5 26. b3 b4 27. Qe2 a5 28. Rh1 Rf3 29. Rg1 Kg8 30. g4 Qf4 31. Kb1 Rg3 32. Rg2 Rh3 33. h5 Re3 34. Qd1 Rf3 35. Qe2 Qg5 36. Rd1 Qh4 37. Rdg1 Rf2 38. Qd1 Qh3 39. Rxf2 Rxf2 40. Ka1 Qe3 0-1

[Event "Schleswig Holstein-ch Seniors op 11th"]
[Site "Buesum"]
[Date "2017.09.09"]
[Round "2"]
[White "Wittkugel, Friedhelm"]
[Black "Lotzien, Hans"]
[Result "0-1"]
[WhiteElo "1941"]
[BlackElo "2126"]
[PlyCount "60"]
[EventDate "2017.09.08"]
[EventType "swiss"]
[EventRounds "9"]
[EventCountry "GER"]
[SourceTitle "EXT 2019"]
[Source "ChessBase"]
[SourceDate "2018.10.10"]
[SourceVersion "1"]
[SourceVersionDate "2018.10.10"]
[SourceQuality "1"]

1. d4 d5 2. Nf3 c6 3. e3 Bf5 4. c4 e6 5. Nc3 Nf6 6. Qb3 Qb6 7. Nd2 Nbd7 8. c5 Qc7 9. f4 Be7 10. Nf3 b6 11. cxb6 axb6 12. Bd2 0-0 13. Rc1 Qa7 14. a3 c5 15. Bb5 c4 16. Qd1 Ne4 17. 0-0 f6 18. Be1 Rf7 19. Nh4 Nxc3 20. Bxc3 Bd3 21. Rf2 Nf8 22. f5 Qc7 23. fxe6 Nxe6 24. Qg4 Ng5 25. Nf5 Kh8 26. Qf4 Bf8 27. h4 Ne4 28. Rf3 Be2 29. Rh3 Qxf4 30. exf4 Bg4 0-1

[Event "GER-chB Seniors 29th"]
[Site "Berlin"]
[Date "2017.08.08"]
[Round "1"]
[White "Lichtblau, Ernst"]
[Black "Wittkugel, Friedhelm"]
[Result "0-1"]
[WhiteElo "1754"]
[BlackElo "1944"]
[PlyCount "84"]
[EventDate "2017.08.07"]
[EventType "swiss"]
[EventRounds "9"]
[EventCountry "GER"]
[SourceTitle "EXT 2019"]
[Source "ChessBase"]
[SourceDate "2018.10.10"]
[SourceVersion "1"]
[SourceVersionDate "2018.10.10"]
[SourceQuality "1"]

1. Nf3 d5 2. b3 Nf6 3. Bb2 e6 4. e3 c5 5. Bb5+ Bd7 6. a4 Be7 7. 0-0 Qb6 8. Qe2 a6 9. Bxd7+ Nbxd7 10. d3 0-0 11. Nbd2 Qc7 12. d4 Rac8 13. Rac1 Bd6 14. h3 Rfe8 15. Rfe1 b5 16. dxc5 Qxc5 17. axb5 axb5 18. Nd4 Rb8 19. c3 e5 20. b4 Qb6 21. N4b3 e4 22. Ra1 Ne5 23. Nc1 Bc7 24. Ndb3 Qd6 25. g3 Nf3+ 26. Kg2 Nxe1+ 27. Qxe1 Nd7 28. Ne2 Ne5 29. Nbd4 Nd3 30. Qb1 Qf6 31. Nf4 Bxf4 32. exf4 g5 33. f5 Ra8 34. Bc1 h6 35. Be3 Ra6 36. g4 Rea8 37. Rxa6 Qxa6 38. h4 gxh4 39. Qh1 Qf6 40. Nxb5 Ra2 41. Bd4 Qg5 42. Qh3 Nf4+ 0-1

[Event "Arber op Seniors 4th"]
[Site "Bodenmais"]
[Date "2016.08.07"]
[Round "9"]
[White "Klimpel, Siegfried"]
[Black "Wittkugel, Friedhelm"]
[Result "1/2-1/2"]
[WhiteElo "1867"]
[BlackElo "1977"]
[PlyCount "104"]
[EventDate "2016.07.30"]
[EventType "swiss"]
[EventRounds "9"]
[EventCountry "GER"]
[SourceTitle "EXT 2017"]
[Source "ChessBase"]
[SourceDate "2016.10.25"]
[SourceVersion "1"]
[SourceVersionDate "2016.10.25"]
[SourceQuality "1"]

1. e4 d6 2. c4 g6 3. d4 Bg7 4. Nc3 Nf6 5. f3 Nbd7 6. Bg5 c6 7. Qd2 h6 8. Be3 a6 9. a4 Qa5 10. Rb1 c5 11. dxc5 dxc5 12. Nge2 Ne5 13. Nf4 e6 14. Be2 Bd7 15. 0-0 Rd8 16. Qd6 Nc6 17. Qxc5 Qc7 18. Nd3 Bf8 19. Qb6 Qxb6 20. Bxb6 Rc8 21. e5 Nh7 22. f4 Nb8 23. b3 Bc6 24. Bf3 Nd7 25. Be3 Be7 26. Ne4 0-0 27. Nd6 Bxd6 28. exd6 Nhf6 29. c5 Bxf3 30. Rxf3 Nd5 31. Rc1 f6 32. b4 Rfe8 33. Bd2 e5 34. fxe5 fxe5 35. Rh3 h5 36. b5 axb5 37. axb5 e4 38. c6 exd3 39. Rxd3 bxc6 40. bxc6 N5f6 41. Rdc3 Rf8 42. cxd7 Rxc3 43. Rxc3 Nxd7 44. Bg5 Kf7 45. Be7 Ra8 46. h3 Ra2 47. Kh2 Ke6 48. Kg3 Rb2 49. Re3+ Kd5 50. Kf3 Ra2 51. h4 Ra4 52. g3 Rg4 1/2-1/2

[Event "Arber op Seniors 4th"]
[Site "Bodenmais"]
[Date "2016.08.02"]
[Round "4"]
[White "Wittkugel, Friedhelm"]
[Black "Selig, Rainer"]
[Result "0-1"]
[WhiteElo "1977"]
[BlackElo "2135"]
[PlyCount "74"]
[EventDate "2016.07.30"]
[EventType "swiss"]
[EventRounds "9"]
[EventCountry "GER"]
[SourceTitle "EXT 2017"]
[Source "ChessBase"]
[SourceDate "2016.10.25"]
[SourceVersion "1"]
[SourceVersionDate "2016.10.25"]
[SourceQuality "1"]

1. d4 d5 2. Nf3 Nf6 3. c4 e6 4. Nc3 c6 5. e3 Nbd7 6. a3 Bd6 7. Bd3 0-0 8. 0-0 dxc4 9. Bxc4 e5 10. e4 exd4 11. Qxd4 Qe7 12. Bg5 Ne5 13. Nxe5 Bxe5 14. Qe3 Re8 15. Rfe1 Bxh2+ 16. Kf1 Bc7 17. Bxf6 Qxf6 18. Be2 Be6 19. g3 g6 20. Kg2 h5 21. Rh1 Bb6 22. Qf3 Qe5 23. Qd3 Rad8 24. Qc2 Qd4 25. Nd1 Qd2 26. Rc1 Bb3 27. Qxb3 Qxc1 28. Nc3 Qg5 29. Rh4 Rd2 30. Rf4 Re7 31. Bc4 Rdd7 32. e5 Qxe5 33. Ne4 Rd4 34. f3 Rxc4 35. Qxc4 Qxb2+ 36. Kh3 Qe5 37. Ng5 Qxg5 0-1

[Event "Schleswig Holstein-ch Seniors op 9th"]
[Site "Buesum"]
[Date "2015.10.05"]
[Round "7"]
[White "Kracht, Helmut"]
[Black "Wittkugel, Friedhelm"]
[Result "1/2-1/2"]
[WhiteElo "2039"]
[BlackElo "1944"]
[PlyCount "46"]
[EventDate "2015.09.28"]
[EventType "swiss"]
[EventRounds "9"]
[EventCountry "GER"]
[SourceTitle "EXT 2018"]
[Source "ChessBase"]
[SourceDate "2017.10.13"]
[SourceVersion "1"]
[SourceVersionDate "2017.10.13"]
[SourceQuality "1"]

1. e4 g6 2. g3 Bg7 3. Bg2 c5 4. d3 Nc6 5. f4 d6 6. Nf3 Nh6 7. 0-0 f5 8. c3 e6 9. Ng5 0-0 10. Nd2 Nf7 11. exf5 Nxg5 12. fxg6 hxg6 13. fxg5 Qxg5 14. Rxf8+ Bxf8 15. Ne4 Qf5 16. Qe2 d5 17. Ng5 Be7 18. Bh3 Qe5 19. Qxe5 Nxe5 20. Bxe6+ Bxe6 21. Nxe6 Nxd3 22. Be3 Bd6 23. Rd1 c4 1/2-1/2

[Event "Schleswig Holstein-ch Seniors op 9th"]
[Site "Buesum"]
[Date "2015.10.02"]
[Round "5"]
[White "Zunker, Reinhard"]
[Black "Wittkugel, Friedhelm"]
[Result "1-0"]
[WhiteElo "2135"]
[BlackElo "1944"]
[PlyCount "34"]
[EventDate "2015.09.28"]
[EventType "swiss"]
[EventRounds "9"]
[EventCountry "GER"]
[SourceTitle "EXT 2018"]
[Source "ChessBase"]
[SourceDate "2017.10.13"]
[SourceVersion "1"]
[SourceVersionDate "2017.10.13"]
[SourceQuality "1"]

1. e4 c6 2. Nc3 d5 3. Nf3 dxe4 4. Nxe4 Bf5 5. Ng3 Bg6 6. h4 h6 7. Ne5 Bh7 8. Qh5 g6 9. Qf3 Nf6 10. Qb3 Qc7 11. Qxf7+ Kd8 12. d4 Nbd7 13. Nxd7 Qxd7 14. Be3 Nd5 15. 0-0-0 Nxe3 16. fxe3 Qg4 17. Rh3 Bg8 1-0

[Event "Schleswig Holstein-ch Seniors op 9th"]
[Site "Buesum"]
[Date "2015.09.29"]
[Round "2"]
[White "Wittkugel, Friedhelm"]
[Black "Eschweiler, Gottfried"]
[Result "1/2-1/2"]
[WhiteElo "1944"]
[BlackElo "1775"]
[PlyCount "89"]
[EventDate "2015.09.28"]
[EventType "swiss"]
[EventRounds "9"]
[EventCountry "GER"]
[SourceTitle "EXT 2018"]
[Source "ChessBase"]
[SourceDate "2017.10.13"]
[SourceVersion "1"]
[SourceVersionDate "2017.10.13"]
[SourceQuality "1"]

1. d4 Nf6 2. c4 g6 3. Nc3 Bg7 4. e4 d6 5. Be2 0-0 6. Be3 Nbd7 7. h4 h5 8. Qd2 c5 9. d5 a6 10. Nh3 Ne5 11. f3 Bd7 12. Ng5 Rb8 13. a4 b6 14. Bf4 Qc7 15. Rd1 Ne8 16. Nh3 Qc8 17. Nf2 Nc7 18. Bh6 b5 19. Bxg7 Kxg7 20. axb5 axb5 21. cxb5 Bxb5 22. g4 Bxe2 23. Qxe2 Rh8 24. gxh5 Rxh5 25. f4 Nd7 26. Rb1 Qa6 27. Qc2 Qa5 28. Kf1 Nb5 29. Rh3 Nxc3 30. bxc3 Rxb1+ 31. Qxb1 Qa6+ 32. Kg2 Qb6 33. Qd3 Qb3 34. Ng4 Qb2+ 35. Kg3 Qc1 36. Kf3 Qe1 37. Nf2 Qa1 38. Rh1 Qa7 39. Kg3 Qa3 40. Rb1 Nf6 41. Rb7 Qc1 42. Rb1 Qa3 43. Ng4 Nxg4 44. Kxg4 Qa2 45. Rg1 1/2-1/2

[Event "Schleswig Holstein-ch Seniors op 9th"]
[Site "Buesum"]
[Date "2015.09.28"]
[Round "1"]
[White "Lachat, Martin"]
[Black "Wittkugel, Friedhelm"]
[Result "1-0"]
[WhiteElo "1538"]
[BlackElo "1944"]
[PlyCount "83"]
[EventDate "2015.09.28"]
[EventType "swiss"]
[EventRounds "9"]
[EventCountry "GER"]
[SourceTitle "EXT 2018"]
[Source "ChessBase"]
[SourceDate "2017.10.13"]
[SourceVersion "1"]
[SourceVersionDate "2017.10.13"]
[SourceQuality "1"]

1. c4 e5 2. Nc3 Nc6 3. Nf3 d6 4. d4 exd4 5. Nxd4 Ne5 6. e4 g6 7. Be2 Bg7 8. b3 Ne7 9. Bb2 a6 10. 0-0 0-0 11. Qd2 f5 12. exf5 Nxf5 13. Nxf5 Rxf5 14. Ne4 Qh4 15. f3 Rh5 16. h3 Bxh3 17. f4 Bg4 18. fxe5 Qh2+ 19. Kf2 Rf5+ 20. Ke1 Qh4+ 21. g3 Rxf1+ 22. Bxf1 Qe7 23. Qg5 Qe6 24. Nf6+ Bxf6 25. Qxf6 Re8 26. Qxe6+ Rxe6 27. Kd2 dxe5 28. Be2 Bf5 29. g4 Be4 30. Ke3 Bc6 31. Rf1 b6 32. g5 Kg7 33. Bf3 Bxf3 34. Rxf3 h6 35. gxh6+ Kxh6 36. Ke4 c6 37. Bxe5 Kg5 38. Rd3 Kg4 39. Rd6 Rxd6 40. Bxd6 b5 41. cxb5 axb5 42. Kd4 1-0

[Event "GER-chB Seniors 27th"]
[Site "Magdeburg"]
[Date "2015.08.17"]
[Round "3"]
[White "Wittkugel, Friedhelm"]
[Black "Zotin, Vladimir"]
[Result "0-1"]
[WhiteElo "1913"]
[BlackElo "1868"]
[PlyCount "40"]
[EventDate "2015.08.15"]
[EventType "swiss"]
[EventRounds "9"]
[EventCountry "GER"]
[SourceTitle "EXT 2018"]
[Source "ChessBase"]
[SourceDate "2017.10.13"]
[SourceVersion "1"]
[SourceVersionDate "2017.10.13"]
[SourceQuality "1"]

1. d4 Nf6 2. Nf3 e6 3. Bg5 c5 4. e3 Qa5+ 5. c3 Ne4 6. Bf4 d5 7. Bd3 Nd7 8. Bxe4 dxe4 9. Ng5 Nf6 10. Nd2 cxd4 11. exd4 Nd5 12. Nb3 Qd8 13. Qd2 f5 14. Be5 e3 15. Qe2 exf2+ 16. Kxf2 Qxg5 17. Qb5+ Bd7 18. Qxb7 Qe3+ 19. Kf1 Nb6 20. Re1 Bb5+ 0-1

[Event "Bayern-ch Seniors op 27th"]
[Site "Bergen"]
[Date "2015.06.15"]
[Round "2"]
[White "Wittkugel, Friedhelm"]
[Black "Blodig, Reinhard"]
[Result "1/2-1/2"]
[WhiteElo "1768"]
[BlackElo "1999"]
[PlyCount "39"]
[EventDate "2015.06.15"]
[EventType "swiss"]
[EventRounds "9"]
[EventCountry "GER"]
[SourceTitle "EXT 2019"]
[Source "ChessBase"]
[SourceDate "2018.10.10"]
[SourceVersion "1"]
[SourceVersionDate "2018.10.10"]
[SourceQuality "1"]

1. d4 Nf6 2. Nc3 d6 3. e4 g6 4. f4 Bg7 5. e5 Nfd7 6. Nf3 c5 7. exd6 0-0 8. dxe7 Qxe7+ 9. Qe2 Qd8 10. Qf2 cxd4 11. Nxd4 Qb6 12. Nde2 Nc6 13. Qxb6 Nxb6 14. Bd2 Bf5 15. 0-0-0 Rfd8 16. Ng3 Bg4 17. Be2 Bxe2 18. Ngxe2 Nc4 19. b3 Nxd2 20. Rxd2 1/2-1/2

[Event "Bayern-ch Seniors op 27th"]
[Site "Bergen"]
[Date "2015.06.15"]
[Round "8"]
[White "Wittkugel, Friedhelm"]
[Black "Neubauer, Jaroslaus"]
[Result "1/2-1/2"]
[WhiteElo "1768"]
[BlackElo "1858"]
[PlyCount "89"]
[EventDate "2015.06.15"]
[EventType "swiss"]
[EventRounds "9"]
[EventCountry "GER"]
[SourceTitle "EXT 2019"]
[Source "ChessBase"]
[SourceDate "2018.10.10"]
[SourceVersion "1"]
[SourceVersionDate "2018.10.10"]
[SourceQuality "1"]

1. e4 e5 2. Nf3 Nc6 3. Bb5 a6 4. Bxc6 dxc6 5. h3 Qd6 6. b3 Qg6 7. Qe2 f6 8. Rg1 h5 9. d3 h4 10. Bb2 Bd7 11. Nbd2 0-0-0 12. 0-0-0 c5 13. g4 hxg3 14. Rxg3 Qf7 15. h4 Ne7 16. Rdg1 Nc6 17. Nc4 Nd4 18. Qd1 Qh5 19. Ncd2 a5 20. a4 Bc6 21. Qf1 b5 22. axb5 Bxb5 23. Kb1 Kb7 24. c4 Bc6 25. Nxd4 cxd4 26. c5 Bb5 27. Qc1 Qe8 28. Nc4 Bxc4 29. Qxc4 Qc6 30. Ba3 Ra8 31. Rg4 Rd8 32. f4 exf4 33. Rxf4 Rh5 34. Rc1 Re5 35. b4 axb4 36. Qxb4+ Ka6 37. Rc4 Qb5 38. Qxb5+ Kxb5 39. Rg4 Kc6 40. Kc2 g5 41. hxg5 Rxg5 42. Rf4 Be7 43. Rf2 f5 44. exf5 Rd5 45. f6 1/2-1/2

[Event "Schleswig Holstein-ch Seniors op"]
[Site "Buesum"]
[Date "2014.10.03"]
[Round "9"]
[White "Wittkugel, Friedhelm"]
[Black "Lehmann, Erwin"]
[Result "0-1"]
[WhiteElo "1896"]
[BlackElo "1994"]
[PlyCount "68"]
[EventDate "2014.09.25"]
[EventType "swiss"]
[EventRounds "9"]
[EventCountry "GER"]
[SourceTitle "EXT 2018"]
[Source "ChessBase"]
[SourceDate "2017.10.13"]
[SourceVersion "1"]
[SourceVersionDate "2017.10.13"]
[SourceQuality "1"]

1. d4 d5 2. c4 e6 3. e3 Nf6 4. Nf3 c5 5. a3 Nc6 6. Nc3 a6 7. dxc5 Bxc5 8. b4 Bd6 9. c5 Bc7 10. Bb2 0-0 11. Be2 b6 12. cxb6 Bxb6 13. Na4 Ba7 14. Rc1 Ne7 15. Bd3 Ne4 16. 0-0 Bd7 17. Bxe4 dxe4 18. Ne5 Bb5 19. Qg4 Ng6 20. Nxg6 hxg6 21. Rfd1 Bd3 22. Nc5 Qd5 23. Nxd3 exd3 24. Rc3 Qa2 25. Bc1 Rac8 26. Rcxd3 Qb1 27. g3 Rxc1 28. Kg2 Rxd1 29. Rxd1 Qb3 30. Rd7 Bb6 31. Rb7 Bd8 32. Rb8 Bf6 33. Rxf8+ Kxf8 34. Qe4 Qd5 0-1

[Event "Schleswig Holstein-ch Seniors op"]
[Site "Buesum"]
[Date "2014.09.29"]
[Round "5"]
[White "Moeller, Peter1111"]
[Black "Wittkugel, Friedhelm"]
[Result "0-1"]
[WhiteElo "1711"]
[BlackElo "1896"]
[PlyCount "111"]
[EventDate "2014.09.25"]
[EventType "swiss"]
[EventRounds "9"]
[EventCountry "GER"]
[SourceTitle "EXT 2018"]
[Source "ChessBase"]
[SourceDate "2017.10.13"]
[SourceVersion "1"]
[SourceVersionDate "2017.10.13"]
[SourceQuality "1"]

1. d4 Nf6 2. Nf3 g6 3. Bf4 Bg7 4. e3 c5 5. c3 Qb6 6. Qc1 d6 7. Nbd2 Be6 8. Bd3 0-0 9. Nc4 Qc7 10. dxc5 Qxc5 11. Ncd2 Nc6 12. Nb3 Bxb3 13. axb3 Rfc8 14. b4 Nxb4 15. Be2 h6 16. Qb1 Nbd5 17. Bg3 Nh5 18. Nd4 Nhf6 19. 0-0 e5 20. Nb3 Qb6 21. Na5 Rc5 22. Nc4 Qc7 23. Nd2 Ne7 24. Rd1 Nf5 25. Bf3 Nxg3 26. hxg3 d5 27. Qa2 a6 28. Nb3 Rb5 29. Be2 Rb6 30. Rac1 Qe7 31. Bf3 Rd8 32. Rc2 e4 33. Be2 Bf8 34. Rcd2 Rc8 35. Nd4 h5 36. Qa5 Qc7 37. Qa2 Bc5 38. Nb3 Bd6 39. Rc1 Qe7 40. Bd1 Kg7 41. Nd4 Be5 42. Ne2 Qc5 43. Bb3 Rb5 44. Rcd1 Ra5 45. Qb1 Rb5 46. Bc2 a5 47. Ba4 Rb6 48. Qa2 Qc4 49. Ra1 Qc5 50. Bb3 Rd8 51. Bc2 a4 52. Bxa4 Ra6 53. b4 Qa7 54. b5 Ra5 55. b6 Qxb6 56. Nd4 0-1

[Event "GER-chB Seniors 26th"]
[Site "Bad Neuenahr"]
[Date "2014.08.07"]
[Round "3"]
[White "Heidmann, Horst"]
[Black "Wittkugel, Friedhelm"]
[Result "1-0"]
[WhiteElo "1706"]
[BlackElo "1920"]
[PlyCount "107"]
[EventDate "2014.08.05"]
[EventType "swiss"]
[EventRounds "9"]
[EventCountry "GER"]
[SourceTitle "EXT 2018"]
[Source "ChessBase"]
[SourceDate "2017.10.13"]
[SourceVersion "1"]
[SourceVersionDate "2017.10.13"]
[SourceQuality "1"]

1. e4 e6 2. d4 d5 3. exd5 exd5 4. Nf3 Bd6 5. Bd3 Bg4 6. 0-0 Nc6 7. c3 h6 8. Re1+ Nge7 9. Nbd2 Qd7 10. b4 0-0 11. b5 Na5 12. a4 Rac8 13. Ba3 Bxf3 14. Qxf3 Bxa3 15. Rxa3 Qd6 16. Raa1 c5 17. dxc5 Rxc5 18. Re2 Ng6 19. Bxg6 fxg6 20. Qd3 Qf6 21. Rc1 Rfc8 22. Re3 Kh7 23. h3 b6 24. Rf3 Qe6 25. Re3 Qf5 26. Qe2 R5c7 27. Re5 Qf7 28. Qd3 Rd7 29. Rce1 Nb7 30. Qd4 Nc5 31. R1e3 Rf8 32. Rf3 Qg8 33. Rxf8 Qxf8 34. Rxd5 Rxd5 35. Qxd5 Nxa4 36. Qd4 Qa3 37. Ne4 Qb3 38. c4 Qb1+ 39. Kh2 Qb2 40. Qe3 Qe5+ 41. g3 Nb2 42. Nd2 Qf5 43. f4 Qc2 44. Qd4 Nd3 45. Qe3 Nc5 46. Kh1 h5 47. Nf3 Ne4 48. Qxe4 Qc1+ 49. Kh2 Qb2+ 50. Kg1 Qc1+ 51. Kf2 Qb2+ 52. Ke3 Qc1+ 53. Kd4 Qd1+ 54. Ke5 1-0

[Event "Lipperland op 13th"]
[Site "Doerentrup"]
[Date "2014.05.30"]
[Round "1"]
[White "Wittkugel, Friedhelm"]
[Black "Kaiser, Gerhard1111"]
[Result "0-1"]
[WhiteElo "1931"]
[BlackElo "2083"]
[PlyCount "100"]
[EventDate "2014.05.30"]
[EventType "swiss"]
[EventRounds "9"]
[EventCountry "GER"]
[SourceTitle "EXT 2019"]
[Source "ChessBase"]
[SourceDate "2018.10.10"]
[SourceVersion "1"]
[SourceVersionDate "2018.10.10"]
[SourceQuality "1"]

1. d4 Nf6 2. c4 c5 3. e3 e6 4. a3 cxd4 5. exd4 d5 6. Nc3 Be7 7. Nf3 0-0 8. Bd3 dxc4 9. Bxc4 Nbd7 10. 0-0 Nb6 11. Ba2 Nbd5 12. Re1 b6 13. Nxd5 Nxd5 14. Qd3 Bb7 15. Bd2 Rc8 16. Rac1 Rxc1 17. Rxc1 Nf6 18. Ne5 Bd5 19. Bxd5 Nxd5 20. Nc6 Qd7 21. Ne5 Qb7 22. Qc4 Bd6 23. Nf3 Rd8 24. Bg5 Rd7 25. Qc8+ Qxc8 26. Rxc8+ Bf8 27. Kf1 f6 28. Bd2 Rc7 29. Rxc7 Nxc7 30. Ke2 b5 31. Ne1 Kf7 32. Nd3 Bd6 33. f4 Nd5 34. g3 Ke7 35. Kf3 h5 36. h4 Kd7 37. Be1 Kc6 38. Ba5 Ne7 39. Ke4 g6 40. Be1 Nf5 41. b4 Be7 42. Nc5 Nd6+ 43. Kd3 Kd5 44. Bd2 Nc4 45. Bc1 Bd8 46. Ne4 a5 47. bxa5 Nxa5 48. Nc3+ Kc6 49. Ke4 Nc4 50. d5+ exd5+ 0-1